[Event "St Petersburg Korchnoi Memorial op"]
[Site "St Petersburg"]
[Date "2023.08.23"]
[Round "8"]
[White "Babeikin, Kiryl"]
[Black "Slepov, Timur"]
[Result "1/2-1/2"]
[WhiteElo "1406"]
[BlackElo "1244"]
[PlyCount "71"]
[EventDate "2023.08.18"]
[EventType "swiss"]
[EventRounds "9"]
[EventCountry "RUS"]
[SourceTitle "CBM 216 Extra"]
[Source "ChessBase"]
[SourceDate "2023.11.30"]
[SourceVersion "1"]
[SourceVersionDate "2023.11.30"]
[SourceQuality "1"]

1. e4 c5 2. Nf3 d6 3. d4 cxd4 4. Nxd4 Nf6 5. Nc3 Nc6 6. Be2 g6 7. 0-0 Bg7 8. Nb3 0-0 9. Bg5 a6 10. a4 Be6 11. Re1 Rc8 12. Bf1 Ne5 13. Nd5 Nxd5 14. exd5 Bf5 15. Nd4 Bd7 16. c3 Re8 17. Qb3 Qc7 18. h3 h6 19. Be3 g5 20. Qc2 Nc4 21. Red1 Nxe3 22. fxe3 Qc5 23. Qb3 b5 24. axb5 Bxb5 25. Bxb5 axb5 26. Ra5 Rb8 27. Rda1 Bxd4 28. cxd4 Qc4 29. Qxc4 bxc4 30. R1a2 Rb3 31. R5a4 Reb8 32. Rxc4 Rxb2 33. Rxb2 Rxb2 34. Rc8+ Kg7 35. Re8 Kf6 36. Rh8 1/2-1/2